| 000 | 00559cam a2200205 4500 | ||
|---|---|---|---|
| 001 | 3028 | ||
| 005 | 20230411085747.0 | ||
| 008 | 060907s2004 ilu eng | ||
| 020 | _a0716601044 (set) | ||
| 035 | _9funglode3040 | ||
| 041 | _aeng | ||
| 050 | 1 | 4 |
_aR AE 5 _bW927 2004 |
| 082 | 0 | 0 | _a031 |
| 245 | 0 | 4 | _aThe world book encyclopedia |
| 260 |
_aChicago : _bWorld Book, _c2004 |
||
| 300 |
_a22 v. : _bill. (chiefly col.), maps (some col.) ; _c26 cm. |
||
| 650 | 0 | _aEncyclopedias and dictionaries. | |
| 710 | 2 | _aWorld Book, Inc. | |
| 942 |
_2lcc _cbk |
||
| 999 |
_c107067 _d107067 |
||